• 首页
  • 本馆介绍
  • 公告通知
  • 最新文献
  • 馆藏检索
  • 电子资源
  • 读者荐购
  • 参考咨询
  • CALIS
  • 我的图书馆
  • 登录
  • 详细信息显示
  • 放入我的书架
  • 预约/预借图书
  • 作者相关作品
  • 分类相关作品
  • 丛书相关作品
  • 出版社相关作品

书目信息

  • 表格格式
  • 工作单格式
  • 卡片格式
题名:
产品设计与开发
    
 
作者: 徐碧珺 , 崔天剑 , 葛才金 编著
分册:  
出版信息: 北京   化学工业出版社  2024.07
页数: 133页
开本: 26cm
丛书名:
单 册:
中图分类: TB472 , F273.2
科图分类:
主题词: 产品设计--chan pin she ji , 产品开发--chan pin kai fa
电子资源:
ISBN: 978-7-122-45322-8
 
 
 
 
 
000 01219nam0 2200301 450
001 95158
005 20250901200106.29
010    @a978-7-122-45322-8@dCNY58.00
100    @a20240726d2024 em y0chiy50 ea
101 0  @achi
102    @aCN@b110000
105    @aa a 000yy
106    @ar
200 1  @a产品设计与开发@Achan pin she ji yu kai fa@d= Product design and development@f徐碧珺, 崔天剑, 葛才金编著@zeng
210    @a北京@c化学工业出版社@d2024.07
215    @a133页@c图@d26cm
320    @a有书目 (第130-133页)
330    @a本书内容共分为产品设计与开发概述、产品开发程序、产品设计流程、产品设计创意思维、产品设计效果图表现、文化创意产品设计与开发、智能产品设计与开发、知识产权保护八个学习项目。每个项目设置了项目实训的环节, 在全方位介绍产品设计与开发实践内容的同时, 让学生可以在完成这些实训任务的过程中巩固知识点、锻炼职业技能。
510 1  @aProduct design and development@zeng
606 0  @a产品设计@Achan pin she ji
606 0  @a产品开发@Achan pin kai fa
690    @aTB472@v5
690    @aF273.2@v5
701  0 @a徐碧珺@Axu bi jun@4编著
701  0 @a崔天剑@Acui tian jian@4编著
701  0 @a葛才金@Age cai jin@4编著
801  0 @aCN@c20250909
905    @a河南城建学院图书馆@dTB472@eX670@f1
    
    产品设计与开发= Product design and development/徐碧珺, 崔天剑, 葛才金编著.-北京:化学工业出版社,2024.07
    133页:图;26cm
    
    
    ISBN 978-7-122-45322-8:CNY58.00
    本书内容共分为产品设计与开发概述、产品开发程序、产品设计流程、产品设计创意思维、产品设计效果图表现、文化创意产品设计与开发、智能产品设计与开发、知识产权保护八个学习项目。每个项目设置了项目实训的环节, 在全方位介绍产品设计与开发实践内容的同时, 让学生可以在完成这些实训任务的过程中巩固知识点、锻炼职业技能。
●
相关链接 在E读中查询图书 在当当中查询图书 在豆瓣中查询图书


正题名:产品设计与开发     索取号:TB472/X670         预约/预借

序号 登录号 条形码 馆藏地/架位号 状态 备注
1 1629216   216292161   自科库501/501自科库 16排4列2层/ [索取号:TB472/X670] 在馆    
河南城建学院图书馆 欢迎您!
大连网信软件有限公司© 版权所有